[Event "ICS rated standard match"]
[Site "204.178.125.65"]
[Date "2000.07.02"]
[Round "?"]
[White "Amateur"]
[Black "Hossa"]
[Result "0-1"]
[WhiteElo "2338"]
[BlackElo "2306"]
[PlyCount "152"]
[EventDate "2000.??.??"]

1. e4 c5 2. Nf3 Nc6 3. d4 cxd4 4. Nxd4 Qb6 5. Nb3 Nf6 6. Nc3 e6 7. Qe2 Bb4 8.
Bd2 O-O 9. a3 Bxc3 10. Bxc3 e5 11. O-O-O a5 12. Rd3 Qc7 13. g4 b5 14. g5 Ne8
15. Qh5 d6 16. Bd2 a4 17. Na1 Qe7 18. Bh3 Be6 19. Bxe6 fxe6 20. Rf1 g6 21. Qg4
Ng7 22. h4 Nh5 23. Rf3 Nd4 24. Rxf8+ Rxf8 25. Qd1 Qb7 26. Qg4 Qc6 27. Kb1 Qc4
28. Qd1 Ng3 29. Re1 Rxf2 30. Bb4 d5 31. exd5 Qxd5 32. Re3 Nf3 33. Qxd5 exd5 34.
Rc3 Rf1+ 35. Ka2 e4 36. Rc8+ Kf7 37. Rc7+ Ke6 38. Rxh7 Ne2 39. b3 Nc1+ 40. Kb2
axb3 41. Nxb3 Nxb3 42. Kxb3 Kf5 43. Bc3 d4 44. Bb4 e3 45. Re7 Kg4 46. Re4+ Kg3
47. Kb2 Kf2 48. Re6 Nxh4 49. Rf6+ Nf3 50. Rxg6 Rg1 51. a4 bxa4 52. Re6 Rxg5 53.
Ka3 Rg1 54. Kxa4 e2 55. Ka3 Rb1 56. Re8 Kf1 57. Re6 e1=Q 58. Bxe1 Nxe1 59. Ka2
Rb5 60. Rc6 Nxc2 61. Rxc2 d3 62. Rd2 Rd5 63. Kb1 Ke1 64. Rh2 d2 65. Rh1+ Ke2
66. Kc2 d1=Q+ 67. Rxd1 Rxd1 68. Kc3 Ke3 69. Kc4 Rd4+ 70. Kb5 Kd3 71. Kc5 Kc3
72. Kb6 Rc4 73. Kb5 Kb3 74. Ka6 Rb4 75. Ka5 Kc4 76. Ka6 Kc5 {Amateur resigns}
0-1

[Event "ICS rated bullet match"]
[Site "204.178.125.65"]
[Date "2000.07.02"]
[Round "?"]
[White "Hossa"]
[Black "Pancake"]
[Result "1-0"]
[WhiteElo "2563"]
[BlackElo "2199"]
[PlyCount "51"]
[EventDate "2000.??.??"]

1. e4 e6 2. Nf3 d5 3. e5 c5 4. d4 Bd7 5. Be2 cxd4 6. Nxd4 Qc7 7. O-O Bc5 8. Nb3
Bb6 9. Bf4 Ne7 10. Nc3 h5 11. Bxh5 Nf5 12. Nxd5 exd5 13. Bxf7+ Kxf7 14. e6+
Bxe6 15. Bxc7 Bxc7 16. h3 Nc6 17. Nc5 Rae8 18. Nxe6 Kxe6 19. Qe2+ Kf6 20. Qb5
d4 21. Qxb7 Bd6 22. Qxc6 Re2 23. g4 Rxh3 24. gxf5 Rh2 25. Qxd6+ Kxf5 26. Kxh2 {
Pancake resigns} 1-0

[Event "ICS rated standard match"]
[Site "204.178.125.65"]
[Date "2000.07.02"]
[Round "?"]
[White "Hossa"]
[Black "Amateur"]
[Result "0-1"]
[WhiteElo "2323"]
[BlackElo "2321"]
[PlyCount "182"]
[EventDate "2000.??.??"]

1. e4 c6 2. d4 d5 3. e5 Bf5 4. Nf3 e6 5. Be2 Nd7 6. O-O h6 7. Be3 Be7 8. Nbd2
Qc7 9. Nb3 O-O-O 10. c4 dxc4 11. Bxc4 h5 12. Qe2 h4 13. h3 Nb6 14. Bd3 Nh6 15.
a4 Nd5 16. a5 Bxd3 17. Qxd3 Nxe3 18. fxe3 a6 19. Nbd2 g5 20. Nc4 g4 21. hxg4
Nxg4 22. Qe2 Kb8 23. Ng5 Bxg5 24. Qxg4 Qe7 25. Qf3 Qb4 26. Rac1 Rdf8 27. Nb6
Rd8 28. Rc2 Qxa5 29. Nc4 Qa4 30. Rc3 Rh7 31. Qe4 Rg7 32. Qf3 Be7 33. Rcc1 Qb5
34. Rf2 Qd5 35. Rcc2 Qxf3 36. Rxf3 c5 37. Rd2 cxd4 38. exd4 Bb4 39. Rdd3 a5 40.
Rf4 Rg3 41. Re3 Bd2 42. Rxg3 Bxf4 43. Rd3 a4 44. Rd1 Rc8 45. Rf1 Bg5 46. Nb6
Be3+ 47. Kh2 Rc2 48. Nxa4 Bxd4 49. Kh3 Bxe5 50. Rxf7 b5 51. Nb6 Bxb2 52. Nd7+
Kc8 53. Nf8 e5 54. Ng6 e4 55. Nxh4 e3 56. Nf5 e2 57. Nd6+ Kb8 58. Rb7+ Ka8 59.
Re7 b4 60. Kg3 Bf6 61. Re8+ Ka7 62. Re4 Rc6 63. Ne8 Bh4+ 64. Kxh4 Rc4 65. Rxc4
e1=Q+ 66. Kh3 Qc3+ 67. Rxc3 bxc3 68. g4 c2 69. Nd6 c1=Q 70. Nf5 Qe1 71. Kg2 Qc3
72. Kf2 Kb6 73. Ne3 Kc5 74. Ng2 Qd3 75. Nf4 Qe4 76. Ne2 Qxg4 77. Ke3 Kc4 78.
Nf4 Qf5 79. Ne2 Qd3+ 80. Kf2 Qe4 81. Ng3 Qf4+ 82. Kg2 Qg4 83. Kf2 Kd3 84. Nf1
Qe2+ 85. Kg1 Qf3 86. Nh2 Qg3+ 87. Kh1 Ke2 88. Nf1 Qg6 89. Nh2 Kf2 90. Ng4+ Qxg4
91. Kh2 Qg2# {Hossa checkmated} 0-1

[Event "ICS rated bullet match"]
[Site "204.178.125.65"]
[Date "2000.07.02"]
[Round "?"]
[White "Hossa"]
[Black "thutters"]
[Result "1-0"]
[WhiteElo "2567"]
[BlackElo "2135"]
[PlyCount "71"]
[EventDate "2000.??.??"]

1. e4 g6 2. d4 Bg7 3. Nc3 d6 4. f4 Nd7 5. Nf3 Ngf6 6. Be2 O-O 7. e5 Ne8 8. O-O
c5 9. dxc5 Nxc5 10. Be3 b6 11. b4 Nd7 12. Bb5 Rb8 13. Qd4 dxe5 14. fxe5 Nc7 15.
Bc6 Ne6 16. Qd5 a6 17. Rad1 Qc7 18. Ne2 Rd8 19. Qe4 Bb7 20. Bxb7 Rxb7 21. Ned4
Nxd4 22. Bxd4 e6 23. c4 Rbb8 24. Rc1 Nf8 25. Ng5 Rd7 26. c5 h6 27. cxb6 Qb7 28.
Qxb7 Rbxb7 29. Nf3 g5 30. h3 h5 31. Rfd1 g4 32. hxg4 hxg4 33. Nh2 Ng6 34. Nxg4
Rb8 35. Rc7 Rc8 36. Rxc8+ {thutters resigns} 1-0

[Event "ICS rated bullet match"]
[Site "204.178.125.65"]
[Date "2000.07.02"]
[Round "?"]
[White "thutters"]
[Black "Hossa"]
[Result "0-1"]
[WhiteElo "2133"]
[BlackElo "2569"]
[PlyCount "58"]
[EventDate "2000.??.??"]

1. Nf3 Nf6 2. b3 g6 3. Bb2 d5 4. d4 Bg7 5. e3 O-O 6. Be2 Bf5 7. O-O Na6 8. c4
Nb4 9. Nc3 dxc4 10. bxc4 c5 11. d5 Qd7 12. a3 Na6 13. Rc1 e6 14. Nh4 Ne4 15.
Nxf5 exf5 16. Qc2 Nd6 17. Bd3 Nc7 18. Rfe1 b5 19. cxb5 c4 20. Bf1 Rab8 21. a4
Qe7 22. Rcd1 Rbd8 23. Ba3 Qh4 24. g3 Qg4 25. h3 Qh5 26. Bxd6 Rxd6 27. Bg2 Rfd8
28. Qa2 Bxc3 29. Qxc4 Bxe1 {thutters resigns} 0-1

[Event "ICS rated bullet match"]
[Site "204.178.125.65"]
[Date "2000.07.02"]
[Round "?"]
[White "Hossa"]
[Black "thutters"]
[Result "1-0"]
[WhiteElo "2571"]
[BlackElo "2131"]
[PlyCount "39"]
[EventDate "2000.??.??"]

1. e4 c5 2. Nf3 d6 3. c3 Bd7 4. Bc4 e6 5. d4 Nf6 6. e5 Nd5 7. dxc5 dxc5 8. Bxd5
exd5 9. Qxd5 Bc6 10. Qxd8+ Kxd8 11. Bf4 Nd7 12. Nbd2 Be7 13. O-O-O Kc8 14. Kc2
b6 15. Rhe1 Kb7 16. Nc4 Rad8 17. Ng5 Bxg5 18. Nd6+ Ka6 19. Bxg5 Rdf8 20. Be7 {
thutters resigns} 1-0

[Event "ICS rated standard match"]
[Site "204.178.125.65"]
[Date "2000.07.02"]
[Round "?"]
[White "PostModernist"]
[Black "Hossa"]
[Result "1-0"]
[WhiteElo "2411"]
[BlackElo "2307"]
[PlyCount "163"]
[EventDate "2000.??.??"]

1. d4 g6 2. c4 Nf6 3. g3 Bg7 4. Bg2 c5 5. Nf3 cxd4 6. Nxd4 Qa5+ 7. Nd2 Nc6 8.
Nc2 d6 9. O-O O-O 10. Nb3 Qh5 11. Re1 Bh3 12. Bf3 Qf5 13. Ncd4 Qd7 14. Nxc6
bxc6 15. Na5 Rac8 16. Bg5 Ng4 17. Qd2 c5 18. Bxg4 Qxg4 19. Bh6 Qe4 20. f3 Qd4+
21. Qxd4 Bxd4+ 22. Kh1 Bxb2 23. Bxf8 Bxa1 24. Rxa1 Kxf8 25. Rb1 Be6 26. e4 f5
27. Rb7 fxe4 28. fxe4 Ra8 29. Kg2 a6 30. Kf3 h6 31. Ke3 Bc8 32. Rb6 Kf7 33. e5
dxe5 34. Ke4 Bf5+ 35. Kxe5 Bg4 36. Kd5 Rc8 37. Rxa6 Bf3+ 38. Ke5 Rb8 39. Kf4
Bg2 40. Nc6 Bxc6 41. Rxc6 Ra8 42. Rxc5 Rxa2 43. h4 Rf2+ 44. Ke4 Re2+ 45. Kf3
Rc2 46. Rc6 Rc3+ 47. Kf4 h5 48. Rc5 Kf6 49. Rc6+ e6 50. g4 Rh3 51. g5+ Ke7 52.
c5 Kd7 53. Rd6+ Ke7 54. Ra6 Rc3 55. Ra7+ Ke8 56. Ke5 Rxc5+ 57. Kf6 e5 58. Kxg6
Rc4 59. Kh7 Rg4 60. g6 e4 61. g7 e3 62. g8=Q+ Rxg8 63. Ra8+ Kd7 64. Rxg8 Ke7
65. Rg3 e2 66. Re3+ Kf6 67. Rxe2 Kf5 68. Rd2 Ke4 69. Kg6 Ke3 70. Rd5 Ke2 71.
Kf5 Ke3 72. Rd7 Kf2 73. Kf4 Ke2 74. Rd5 Kf2 75. Rd3 Ke2 76. Rd4 Kf2 77. Rd2+
Ke1 78. Ke3 Kf1 79. Kf3 Kg1 80. Rd5 Kh1 81. Kg3 Kg1 82. Rd1# {Hossa checkmated}
1-0

[Event "ICS rated blitz match"]
[Site "204.178.125.65"]
[Date "2000.07.03"]
[Round "?"]
[White "Hossa"]
[Black "Amateur"]
[Result "0-1"]
[WhiteElo "2435"]
[BlackElo "2561"]
[PlyCount "128"]
[EventDate "2000.??.??"]

1. d4 Nf6 2. c4 e6 3. Nf3 b6 4. g3 Ba6 5. b3 Bb4+ 6. Bd2 Be7 7. Nc3 Bb7 8. Bg2
O-O 9. O-O Ne4 10. Qc2 Nxd2 11. Qxd2 Bxf3 12. Bxf3 Nc6 13. a3 Bf6 14. e3 Re8
15. Be4 Rb8 16. Qc2 h6 17. f4 a6 18. Bh7+ Kh8 19. Bd3 d5 20. cxd5 exd5 21. Rfe1
Ra8 22. Rac1 Re7 23. b4 Nb8 24. a4 c6 25. Qf2 Re8 26. b5 axb5 27. axb5 Re7 28.
Qf3 Ra5 29. Ra1 Rea7 30. Rxa5 Rxa5 31. Rc1 Qd7 32. g4 Kg8 33. Bf5 Qd6 34. bxc6
Nxc6 35. Qf2 Nb4 36. Qe2 Ra8 37. Nb5 Qd8 38. Qe1 Na6 39. Bd3 Bh4 40. Qe2 Nb4
41. Bb1 Ra5 42. Nc3 Be7 43. Bf5 Ra7 44. Qd1 Qe8 45. Qf1 Rc7 46. Qf3 g6 47. Bb1
Qc8 48. e4 dxe4 49. Bxe4 Bf6 50. Qe3 Rc4 51. Ne2 Bxd4 52. Nxd4 Rxc1+ 53. Kf2
Rc4 54. Nf3 Qxg4 55. Ne5 Qh4+ 56. Kg1 Rc7 57. Qd2 Qe7 58. Kh1 f6 59. Nf3 Kh7
60. Qd4 f5 61. Bxf5 gxf5 62. Ne5 Rc1+ 63. Kg2 Qg7+ 64. Kh3 Nc6 {Hossa resigns}
0-1

[Event "ICS rated standard match"]
[Site "204.178.125.65"]
[Date "2000.07.03"]
[Round "?"]
[White "Amateur"]
[Black "Hossa"]
[Result "1-0"]
[WhiteElo "2348"]
[BlackElo "2286"]
[PlyCount "189"]
[EventDate "2000.??.??"]

1. Nf3 Nf6 2. c4 e6 3. Nc3 c5 4. e4 Nc6 5. Be2 d5 6. e5 Ng4 7. cxd5 exd5 8. Bb5
d4 9. Bxc6+ bxc6 10. Na4 Qd5 11. O-O Be7 12. Re1 d3 13. b3 c4 14. h3 Nh6 15.
Nc3 Qe6 16. bxc4 Qxc4 17. Re4 Qa6 18. Ra4 Qb7 19. Qb3 Qd7 20. Ba3 O-O 21. Ne4
Bxa3 22. Qxa3 Qc7 23. Nd6 f6 24. Nxc8 Qxc8 25. Qxd3 fxe5 26. Nxe5 Nf7 27. Qc4
c5 28. Rc1 Qe8 29. Nf3 a5 30. Qb3 Rb8 31. Qa3 Nd8 32. Re1 Qc6 33. Rxa5 Nb7 34.
Ra4 c4 35. Ne5 Qd5 36. Nxc4 Nd8 37. Rc1 Qf5 38. Qg3 Rb1 39. Rxb1 Qxb1+ 40. Kh2
Nf7 41. Ra7 h5 42. Nd6 h4 43. Qc3 Qb8 44. Rc7 Qb6 45. Nf5 Qf6 46. Qxf6 gxf6 47.
Nxh4 Rd8 48. Rc2 Nd6 49. Nf3 Ne4 50. d4 Kg7 51. h4 Nd6 52. Kh3 Nb5 53. Rc4 Nd6
54. Rc7+ Kg6 55. g4 Ne4 56. Rc2 Ra8 57. Kg2 Kh6 58. Ng1 Nd6 59. Rc6 Ne8 60. Re6
Kg7 61. Nf3 Kf7 62. Re2 Nc7 63. Rb2 Nd5 64. g5 Nc3 65. Rb7+ Kg6 66. Rb3 Nd5 67.
a3 Rg8 68. Kg3 Kf5 69. Rb5 Ke4 70. Rb7 Kf5 71. Ra7 Ke4 72. Ra6 Kf5 73. Rd6 Ke4
74. a4 fxg5 75. hxg5 Ra8 76. g6 Rxa4 77. g7 Ra8 78. Ng5+ Kf5 79. Rxd5+ Kf6 80.
f4 Kxg7 81. Rd7+ Kf8 82. Ne6+ Ke8 83. Nc7+ Kxd7 84. Nxa8 Kc6 85. f5 Kd7 86.
Nb6+ Kc7 87. f6 Kd8 88. Kf4 Ke8 89. d5 Kf8 90. d6 Kf7 91. Kf5 Ke8 92. Kg6 Kd8
93. Kg7 Ke8 94. f7+ Kd8 95. f8=Q# {Hossa checkmated} 1-0

[Event "ICS rated standard match"]
[Site "204.178.125.65"]
[Date "2000.07.03"]
[Round "?"]
[White "Hossa"]
[Black "QueenMaxima"]
[Result "0-1"]
[WhiteElo "2273"]
[BlackElo "2404"]
[PlyCount "134"]
[EventDate "2000.??.??"]

1. d4 Nf6 2. c4 e6 3. Nf3 b6 4. a3 Bb7 5. Nc3 d5 6. Bg5 Be7 7. Qa4+ c6 8. cxd5
exd5 9. e3 O-O 10. Bd3 Nbd7 11. O-O h6 12. Bh4 Ne4 13. Bxe4 dxe4 14. Bxe7 Qxe7
15. Nd2 Nf6 16. Rfd1 Qe6 17. Qc2 Rfe8 18. b4 Ba6 19. Qb2 Qf5 20. Nf1 Bd3 21.
Ng3 Qe6 22. f3 Rad8 23. Rac1 a6 24. a4 Ra8 25. a5 bxa5 26. bxa5 Rab8 27. Qd2
Rb3 28. Na4 Nd7 29. fxe4 Bxe4 30. Rf1 Ra3 31. Nc3 Bg6 32. e4 Qb3 33. Rf3 Rxa5
34. Rb1 Qc4 35. Kh1 c5 36. d5 Ne5 37. Rf4 Ra3 38. Nge2 Nd3 39. Rf3 Bxe4 40. Re3
f5 41. Kg1 Kh8 42. Rg3 f4 43. Rh3 Nf2 44. Kxf2 Bxb1 45. Rf3 Bg6 46. Rxf4 Qb3
47. Qc1 Bd3 48. Rf3 c4 49. Kg3 Qb4 50. h4 Rb3 51. Na2 Qb8+ 52. Nf4 Re2 53. Nc3
Rc2 54. Qe1 Rbxc3 55. Kg4 Rb3 56. Qe6 Bh7 57. Kg3 Rb6 58. d6 Rxd6 59. Qe1 Rd3
60. Qe6 a5 61. Qe7 Rdd2 62. h5 Rxg2+ 63. Kh4 Bf5 64. Qxg7+ Kxg7 65. Rg3+ Kf7
66. Nxg2 Qd8+ 67. Rg5 Qxg5# {Hossa checkmated} 0-1

[Event "ICS rated bullet match"]
[Site "204.178.125.65"]
[Date "2000.07.03"]
[Round "?"]
[White "Hossa"]
[Black "thutters"]
[Result "1-0"]
[WhiteElo "2582"]
[BlackElo "2124"]
[PlyCount "71"]
[EventDate "2000.??.??"]

1. d4 Nf6 2. c4 e6 3. Nf3 Bb4+ 4. Bd2 Bxd2+ 5. Qxd2 d6 6. e3 Nbd7 7. Nc3 Qe7 8.
Bd3 c6 9. O-O e5 10. dxe5 Nxe5 11. Nxe5 dxe5 12. Ne4 O-O 13. Nd6 Rd8 14. c5 Ne8
15. Qc2 g6 16. Nxc8 Raxc8 17. Rad1 f5 18. e4 f4 19. Bc4+ Kg7 20. b4 Nf6 21. Rd3
Rxd3 22. Qxd3 Rd8 23. Qe2 Rd4 24. f3 Qd7 25. Qc2 Rd2 26. Qc3 Qd4+ 27. Qxd4 exd4
28. Re1 Nd7 29. e5 b5 30. Be6 Nf8 31. Bb3 d3 32. Kf1 Rb2 33. Rd1 d2 34. Ke2 Nd7
35. e6 Ne5 36. e7 {thutters resigns} 1-0

[Event "ICS rated blitz match"]
[Site "204.178.125.65"]
[Date "2000.07.03"]
[Round "?"]
[White "XFiles"]
[Black "Hossa"]
[Result "1-0"]
[WhiteElo "2835"]
[BlackElo "2424"]
[PlyCount "95"]
[EventDate "2000.??.??"]

1. e4 c5 2. Nf3 Nc6 3. Bb5 Nf6 4. e5 Nd5 5. Nc3 a6 6. Be2 Nf4 7. O-O d6 8. exd6
Qxd6 9. d3 Nxe2+ 10. Qxe2 Bg4 11. Qe3 Nd4 12. Ne4 Qd5 13. c4 Qd8 14. Nxd4 cxd4
15. Qf4 h5 16. Re1 e6 17. h3 Bb4 18. Bd2 Bxd2 19. Nxd2 g5 20. Qe5 f6 21. Qe4
Qd7 22. hxg4 e5 23. Qf3 O-O-O 24. gxh5 Qh7 25. Ne4 g4 26. Qxg4+ f5 27. Qh3 Rdf8
28. Ng3 Qc7 29. Nxf5 Kb8 30. h6 Rf6 31. Qh5 Ka7 32. Rad1 Rhf8 33. g4 Qb8 34. h7
b5 35. f4 bxc4 36. Rxe5 cxd3 37. Rxd3 Qc8 38. Re7+ Ka8 39. Qh1+ Rc6 40. Rxd4
Qb7 41. Rc4 Qb6+ 42. Ne3 Rd8 43. h8=Q Rxh8 44. Qxh8+ Qb8 45. Qxb8+ Kxb8 46.
Rxc6 a5 47. Rh6 Kc8 48. Rh8# {Hossa checkmated} 1-0

[Event "ICS rated bullet match"]
[Site "204.178.125.65"]
[Date "2000.07.03"]
[Round "?"]
[White "huartz"]
[Black "Hossa"]
[Result "0-1"]
[WhiteElo "1856"]
[BlackElo "2584"]
[PlyCount "22"]
[EventDate "2000.??.??"]

1. d4 Nf6 2. e3 g6 3. Nf3 Bg7 4. Bd3 d5 5. O-O O-O 6. Nbd2 Bg4 7. c3 Nc6 8. Qe2
e5 9. dxe5 Nxe5 10. Qd1 Nxd3 11. Qc2 Bf5 {huartz resigns} 0-1

[Event "ICS rated bullet match"]
[Site "204.178.125.65"]
[Date "2000.07.03"]
[Round "?"]
[White "Hossa"]
[Black "huartz"]
[Result "1-0"]
[WhiteElo "2584"]
[BlackElo "1856"]
[PlyCount "35"]
[EventDate "2000.??.??"]

1. d4 e6 2. e4 d5 3. Nd2 Nf6 4. e5 Nfd7 5. Bd3 c5 6. c3 cxd4 7. cxd4 Nc6 8. Ne2
Bb4 9. O-O O-O 10. a3 Bxd2 11. Bxd2 Qb6 12. Qc2 h6 13. Bh7+ Kh8 14. Be3 Qc7 15.
Bd3 b6 16. Rac1 Ne7 17. Qxc7 Ba6 18. Bxa6 {huartz resigns} 1-0

[Event "ICS rated bullet match"]
[Site "204.178.125.65"]
[Date "2000.07.03"]
[Round "?"]
[White "Hossa"]
[Black "sharkmeister"]
[Result "1-0"]
[WhiteElo "2584"]
[BlackElo "1562"]
[PlyCount "55"]
[EventDate "2000.??.??"]

1. d4 Nf6 2. c4 e6 3. Nf3 Bb4+ 4. Bd2 Bxd2+ 5. Qxd2 b6 6. e3 Bb7 7. Be2 O-O 8.
Nc3 Ne4 9. Nxe4 Bxe4 10. Bd3 Bxd3 11. Qxd3 f5 12. O-O d6 13. Qe2 Nd7 14. Rad1
Qe7 15. Qd3 Rae8 16. Ra1 g5 17. Qc2 g4 18. Nd2 Rf7 19. Rfd1 Rg7 20. e4 Rf8 21.
Re1 Qf6 22. Qd3 h5 23. exf5 exf5 24. Nf1 h4 25. Ne3 Qg6 26. Nd5 Nf6 27. Ne7+
Kh7 28. Nxg6 1-0

[Event "ICS rated bullet match"]
[Site "204.178.125.65"]
[Date "2000.07.03"]
[Round "?"]
[White "Hossa"]
[Black "StormFront"]
[Result "1-0"]
[WhiteElo "2584"]
[BlackElo "1448"]
[PlyCount "41"]
[EventDate "2000.??.??"]

1. d4 c5 2. d5 c4 3. e4 Nf6 4. e5 Nh5 5. Qxh5 g6 6. Qe2 Bg7 7. Nf3 O-O 8. Qxc4
a6 9. Bg5 b5 10. Qe4 d6 11. exd6 Qxd6 12. Bf4 Qb6 13. Qxe7 Nd7 14. Nc3 Nf6 15.
Bc7 Bb7 16. Bxb6 Bxd5 17. Qb4 Bxf3 18. gxf3 Nd5 19. Nxd5 Rfe8+ 20. Be2 Rad8 21.
Bxd8 {StormFront resigns} 1-0

[Event "ICS rated standard match"]
[Site "204.178.125.65"]
[Date "2000.07.03"]
[Round "?"]
[White "QueenMaxima"]
[Black "Hossa"]
[Result "1-0"]
[WhiteElo "2416"]
[BlackElo "2264"]
[PlyCount "125"]
[EventDate "2000.??.??"]

1. e4 c6 2. d4 d5 3. Nc3 e6 4. f3 Bb4 5. Bf4 Nf6 6. e5 Nh5 7. Be3 c5 8. g4 Nc6
9. Bb5 f6 10. gxh5 fxe5 11. dxe5 d4 12. h6 g6 13. Bxc6+ bxc6 14. Bf2 Qd5 15. a3
dxc3 16. axb4 cxb2 17. Rb1 Qxe5+ 18. Qe2 Qc3+ 19. Qd2 Qxd2+ 20. Kxd2 cxb4 21.
h4 Kf7 22. Rxb2 Rd8+ 23. Kc1 a5 24. h5 e5 25. hxg6+ Kxg6 26. Ne2 Rf8 27. Rg1+
Kh5 28. Rb3 Kxh6 29. Be3+ Kh5 30. Rg5+ Kh4 31. Rxe5 Rxf3 32. Nd4 Rf1+ 33. Kb2
c5 34. Rxc5 Rf8 35. Bg5+ Kg4 36. Be7 Rf2 37. Bd6 Ra6 38. Bc7 Rg2 39. Rf3 Rg6
40. Rf4+ Kg3 41. Rf8+ Kh3 42. Rxc8 a4 43. Rh5+ Kg4 44. Rxh7 a3+ 45. Ka2 Rd2 46.
Rd7 Rd1 47. Ba5 Rh1 48. Bxb4 Rhh6 49. Bxa3 Ra6 50. Rf8 Rh5 51. Re7 Rha5 52.
Rg8+ Kh5 53. Rh7+ Rh6 54. Rhg7 Rha6 55. Kb1 Rb6+ 56. Kc1 Rd5 57. Bf8 Rh6 58.
Ne2 Rf5 59. Ng3+ Kh4 60. Nxf5+ Kh3 61. Nxh6 Kh2 62. Nf7 Kh3 63. Rh7# {
Hossa checkmated} 1-0

[Event "ICS rated standard match"]
[Site "204.178.125.65"]
[Date "2000.07.03"]
[Round "?"]
[White "Hossa"]
[Black "QueenMaxima"]
[Result "0-1"]
[WhiteElo "2255"]
[BlackElo "2425"]
[PlyCount "122"]
[EventDate "2000.??.??"]

1. d4 Nf6 2. c4 e6 3. Nf3 b6 4. a3 Bb7 5. Nc3 d5 6. cxd5 exd5 7. Bg5 Be7 8. e3
O-O 9. Bd3 Nbd7 10. O-O c5 11. Bf5 Ba6 12. Re1 Re8 13. Qa4 Bb7 14. Qc2 Ne4 15.
Bf4 Ndf6 16. Nb5 Nd6 17. Bxd6 Bxd6 18. Ng5 h6 19. Nf3 Be7 20. Rf1 a6 21. Nc3
Bd6 22. a4 Bc8 23. a5 b5 24. dxc5 Bxc5 25. Rfc1 Bb4 26. Ne2 Bxf5 27. Qxf5 Bxa5
28. Ned4 Bb6 29. Nc6 Qd6 30. Rc2 Qe6 31. Qd3 Ng4 32. Ra3 Qe4 33. Qd2 a5 34.
Nfd4 b4 35. Rd3 Nf6 36. Rc1 Kh8 37. Nb5 Qe6 38. Rc2 Rac8 39. Qc1 Ne4 40. Nbd4
Qf6 41. f3 Nd6 42. b3 Qg6 43. Rd1 Bxd4 44. Nxd4 Rxc2 45. Nxc2 Rc8 46. Rd2 a4
47. Qd1 axb3 48. Nxb4 Nc4 49. Qc1 Rb8 50. Nd3 Nxd2 51. Qxd2 Ra8 52. Qd1 Ra2 53.
g4 b2 54. Nxb2 Rxb2 55. h4 Qd6 56. f4 Qc5 57. Qd3 Qc1+ 58. Qf1 Qxe3+ 59. Kh1
Qg3 60. Qf2 Rb1+ 61. Qf1 Rxf1# {Hossa checkmated} 0-1

[Event "ICS rated standard match"]
[Site "204.178.125.65"]
[Date "2000.07.03"]
[Round "?"]
[White "Hossa"]
[Black "Beadle"]
[Result "0-1"]
[WhiteElo "2246"]
[BlackElo "2365"]
[PlyCount "116"]
[EventDate "2000.??.??"]

1. e4 e6 2. Nf3 b6 3. d4 Bb7 4. Bd3 c5 5. O-O cxd4 6. Nxd4 Bc5 7. Be3 Qf6 8. c3
Ne7 9. b4 Bxd4 10. cxd4 Nbc6 11. Na3 Nxb4 12. Nb5 O-O 13. Nd6 Nxd3 14. Qxd3 Bc6
15. f3 Qg6 16. Bf4 f5 17. Qe3 fxe4 18. fxe4 Nc8 19. Rfe1 Rxf4 20. Qxf4 Nxd6 21.
Qxd6 Bxe4 22. Re2 Bc6 23. Rf2 h6 24. Rc1 Kh7 25. Qf4 Rc8 26. Qe3 Rf8 27. Rcf1
Rf5 28. Qb3 Rf4 29. Qb2 Rg4 30. Qd2 Be4 31. Rc1 Bd5 32. Re1 h5 33. a4 Bc6 34.
Rd1 Bxa4 35. Ra1 Bc6 36. h3 Rg3 37. Rxa7 Rxh3 38. Qb2 Qg3 39. d5 Qh2+ 40. Kf1
Re3 41. Qb1+ Kh6 42. Rb2 Bxd5 43. Rxd7 Bc4+ 44. Kf2 Qg3+ 45. Kg1 Re1+ 46. Qxe1
Qxe1+ 47. Kh2 Qe5+ 48. Kg1 Qxb2 49. Rf7 Qd4+ 50. Kh2 Bd5 51. Rd7 Qh4+ 52. Kg1
Qe1+ 53. Kh2 h4 54. Rxd5 exd5 55. g4 Kg5 56. Kg2 Kxg4 57. Kh2 Kf3 58. Kh3 Qg3#
{Hossa checkmated} 0-1

[Event "ICS rated standard match"]
[Site "204.178.125.65"]
[Date "2000.07.03"]
[Round "?"]
[White "PostModernist"]
[Black "Hossa"]
[Result "1/2-1/2"]
[WhiteElo "2412"]
[BlackElo "2235"]
[PlyCount "139"]
[EventDate "2000.??.??"]

1. d4 Nf6 2. c4 e6 3. Nf3 b6 4. g3 Ba6 5. Nbd2 Bb7 6. Bg2 c5 7. O-O cxd4 8.
Nxd4 Bxg2 9. Kxg2 Bc5 10. N2b3 O-O 11. Nxc5 bxc5 12. Nb3 Na6 13. Qd6 Qc8 14.
Rd1 Rd8 15. f3 Ne8 16. Qe5 d6 17. Qh5 Nb4 18. Bg5 Rd7 19. e4 Rb8 20. Bd2 Qa6
21. Bxb4 Rxb4 22. Nxc5 Qa5 23. Qg5 Rxc4 24. b4 Rxb4 25. Rd5 exd5 26. Nxd7 Rb2+
27. Kh3 Qd2 28. Qxd2 Rxd2 29. exd5 Rxd5 30. Re1 Nf6 31. Nxf6+ gxf6 32. g4 f5
33. g5 Rd2 34. a4 Rd4 35. a5 Rd5 36. Ra1 Kg7 37. a6 Kg6 38. f4 f6 39. gxf6 Kxf6
40. Ra3 Rc5 41. Kg2 Rc2+ 42. Kg3 d5 43. Rd3 Ra2 44. Rxd5 Rxa6 45. Kh4 Ra2 46.
h3 Ra6 47. Kh5 Ra3 48. h4 a5 49. Rd6+ Kg7 50. Rd7+ Kf6 51. Rxh7 Rf3 52. Rh6+
Kg7 53. Ra6 Rxf4 54. Rxa5 Rg4 55. Rxf5 Rg3 56. Rg5+ Rxg5+ 57. hxg5 Kh7 58. g6+
Kg8 59. Kg5 Kg7 60. Kf5 Kg8 61. Kg4 Kh8 62. Kf4 Kg8 63. Kf5 Kg7 64. Kg5 Kg8 65.
Kh5 Kg7 66. Kg5 Kg8 67. Kf6 Kh8 68. Ke6 Kg8 69. Kf5 Kg7 70. Kg5 1/2-1/2

[Event "ICS rated standard match"]
[Site "204.178.125.65"]
[Date "2000.07.03"]
[Round "?"]
[White "Hossa"]
[Black "PostModernist"]
[Result "0-1"]
[WhiteElo "2243"]
[BlackElo "2404"]
[PlyCount "138"]
[EventDate "2000.??.??"]

1. e4 c6 2. d4 d5 3. Nc3 dxe4 4. Nxe4 Nf6 5. Nxf6+ gxf6 6. Bd3 Qxd4 7. Nf3 Qd6
8. O-O Bg4 9. h3 Be6 10. Be3 Rg8 11. Bxh7 Rg7 12. Qxd6 exd6 13. Bd3 Bxh3 14.
Nh4 Nd7 15. Bf5 Bxf5 16. Nxf5 Rh7 17. Rfe1 O-O-O 18. f4 d5 19. g4 Bc5 20. Rac1
Rdh8 21. Kf1 Rh1+ 22. Ke2 R1h2+ 23. Kf3 Bxe3 24. Rxe3 R8h3+ 25. Ng3 Nc5 26.
Re8+ Kd7 27. Ree1 Ne4 28. Rg1 Nd2+ 29. Ke3 c5 30. b4 d4+ 31. Kd3 cxb4 32. Kxd4
Nf3+ 33. Kc4 Nxg1 34. Rxg1 Rxc2+ 35. Kxb4 Rb2+ 36. Kc5 Rxa2 37. Nf5 b6+ 38. Kb5
Rb3+ 39. Kc4 Rf3 40. Rd1+ Kc7 41. Rc1 Kb7 42. Rd1 Rxf4+ 43. Kb3 Rg2 44. Nh6 Rh2
45. Nxf7 Rxg4 46. Rd3 Kc6 47. Nd8+ Kb5 48. Rd5+ Ka6 49. Rd3 Rgh4 50. Rd6 R4h3+
51. Kc4 Rc2+ 52. Kb4 f5 53. Rd1 Rh4+ 54. Kb3 Re2 55. Nf7 Re3+ 56. Kc2 Rh2+ 57.
Kb1 f4 58. Nd6 f3 59. Nf5 Re5 60. Ng3 f2 61. Rf1 Re3 62. Nf5 Re1+ 63. Kc2 Rxf1
64. Ne3 Re1 65. Nd5 f1=Q+ 66. Kb3 Qd3+ 67. Nc3 Rb1+ 68. Ka4 Ra2+ 69. Nxa2 b5# {
Hossa checkmated} 0-1

[Event "ICS rated standard match"]
[Site "204.178.125.65"]
[Date "2000.07.03"]
[Round "?"]
[White "Beadle"]
[Black "Hossa"]
[Result "1-0"]
[WhiteElo "2376"]
[BlackElo "2234"]
[PlyCount "103"]
[EventDate "2000.??.??"]

1. d4 Nf6 2. Nf3 e6 3. Bf4 b6 4. e3 Bb7 5. Bd3 Be7 6. Nbd2 Nh5 7. Be5 d6 8. Bg3
Nxg3 9. hxg3 f5 10. e4 fxe4 11. Nxe4 Nc6 12. Nc3 Bf6 13. Bg6+ Kd7 14. Bxh7 g6
15. Rh3 Ne7 16. Qd3 Bxf3 17. gxf3 a5 18. O-O-O c6 19. Ne4 Qf8 20. Qb3 d5 21.
Qxb6 dxe4 22. Qb7+ Kd6 23. fxe4 Bg7 24. e5+ Bxe5 25. dxe5+ Kxe5 26. Qd7 Kf6 27.
Re1 e5 28. Qd6+ Kg7 29. Qxe5+ Qf6 30. Qxe7+ Qxe7 31. Rxe7+ Kf6 32. Rc7 Rhc8 33.
Rd7 Rd8 34. Rb7 Rd6 35. Rh1 Rf8 36. Ra7 Rfd8 37. Rxa5 R6d7 38. Ra4 Kg5 39. f3
Kf6 40. Rg4 g5 41. Be4 c5 42. b3 Rg8 43. a4 Ke5 44. Bh7 Rgg7 45. Rh6 c4 46.
bxc4 Rd4 47. f4+ gxf4 48. Rxg7 Rd8 49. c3 fxg3 50. Rg4 Rd1+ 51. Kxd1 g2 52.
Re4# {Hossa checkmated} 1-0

[Event "ICS rated standard match"]
[Site "204.178.125.65"]
[Date "2000.07.03"]
[Round "?"]
[White "Hossa"]
[Black "itchy-muffin"]
[Result "1-0"]
[WhiteElo "2224"]
[BlackElo "1956"]
[PlyCount "65"]
[EventDate "2000.??.??"]

1. e4 c5 2. Nf3 a6 3. c4 e6 4. d4 cxd4 5. Nxd4 Nf6 6. Nc3 d6 7. Be3 Nbd7 8. Be2
Qc7 9. O-O b6 10. Qa4 Bb7 11. Qc2 g6 12. a4 Bg7 13. a5 bxa5 14. Nb3 Rc8 15.
Nxa5 Ba8 16. Rfd1 O-O 17. Nb3 Ne5 18. Rxa6 Nxc4 19. Rxa8 Rxa8 20. Nb5 Qb8 21.
Bxc4 d5 22. exd5 exd5 23. Be2 Rc8 24. Nc5 Ra2 25. Rb1 Ne4 26. Qb3 Ra5 27. Nxe4
dxe4 28. Qb4 Qa8 29. Nd6 Bf8 30. Rd1 Ra1 31. Rxa1 Qxa1+ 32. Bf1 Rc6 33. Qb8 1-0